Statistiken für Größte Städte in den USA • A-Z

Klicken Sie hier um das Quiz zu spielen!

Allgemein

  • Dieses Quiz wurde 847 mal gespielt
  • Das Durchschnittsergebnis liegt bei 11 aus 23

Antwortstatistiken

#PopulationU.S. Stadt% Korrekt
N8,537,673New York
98%
L3,976,322Los Angeles
94%
C2,704,958Chicago
93%
H2,303,482Houston
85%
D1,317,929Dallas
81%
B673,184Boston
78%
W681,170Washington
72%
A947,890Austin
61%
I855,164Indianapolis
58%
P1,615,017Phoenix
54%
J880,619Jacksonville
46%
K481,420Kansas City
45%
S1,492,510San Antonio
45%
O638,367Oklahoma City
41%
M652,717Memphis
32%
R458,880Raleigh
28%
T530,706Tucson
24%
F854,113Fort Worth
23%
E683,080El Paso
20%
V452,602Virginia Beach
16%
G287,027Greensboro
5%
Y200,807Yonkers
4%
U76,000Upland
1%

Verteilung der Resultate

Perzentil nach korrekt beantworteten Fragen

Anzahl Personen mit jedem Resultat

Ihre Resultats-Entwicklung

Sie haben dieses Quiz noch nicht gespielt